Jelle's Marble Runs Teams - Statistics

General Stats
  • This quiz has been taken 315 times
  • The average score is 17 of 28
Answer Stats
Team % Correct
O'Rangers
90%
Savage Speeders
77%
Crazy Cat's Eyes
75%
Green Ducks
72%
Team Momo
72%
Oceanics
70%
Mellow Yellow
67%
Team Primary
66%
Pinkies
65%
Raspberry Racers
65%
Team Galactic
65%
Hazers
64%
Limers
64%
Balls of Chaos
62%
Rojo Rollers
62%
Snowballs
61%
Bumblebees
60%
Midnight Wisps
59%
Thunderbolts
58%
Chocolatiers
57%
Jungle Jumpers
54%
Minty Maniacs
54%
Hornets
50%
Kobalts
50%
Shining Swarm
47%
Turtle Sliders
46%
Jawbreakers
44%
Indigo Stars
43%
No matching quizzes found
Score Distribution
Percent of People with Each Score
Percentile by Number Answered
Your Score History
You have not taken this quiz